| 000 | 00663nam a2200217 u 4500 | ||
|---|---|---|---|
| 005 | 20240517063654.0 | ||
| 008 | 160608s2010 r 000 0 eng d | ||
| 020 | _a9788484834878 | ||
| 035 | _aUPN01000211256 | ||
| 049 | _aI | ||
| 050 | 4 |
_aPZ41 _bV3.2 |
|
| 100 | 1 |
_aVago, María _939581 |
|
| 245 | 1 | 0 |
_aAhora mismo llamo a Zenón / _cMaría Vago ; il. Valentina Morea ; tr. Sara Cano Fernández. |
| 260 |
_aMadrid : _bLaberinto _c2010. |
||
| 300 | _a24 p. | ||
| 534 |
_pTítulo original: _tAdsso Chiamo Zenone |
||
| 650 | 4 |
_aLiteratura infantil italiana _911122 |
|
| 650 | 4 |
_aMiedo _vLiteratura infantil _912306 |
|
| 905 | _aInfantil | ||
| 999 |
_c183357 _d183357 |
||